| 000 | 00886cab a2200253 4500 | ||
|---|---|---|---|
| 001 | ABS48473 | ||
| 008 | 090401t1993 xxu||||| |||| 00| 0 eng d | ||
| 035 | _a(Sirsi) u66979 | ||
| 041 | _aeng | ||
| 100 | _aBurton, I. | ||
| 245 | _aCountryside bodies set a management agenda | ||
| 260 | _c1993 | ||
| 350 | _a0 | ||
| 490 |
_aPlanning (for the Natural and Built Environment) _v(1013) 9 April 1993, 16-17(2) |
||
| 520 | _aDiscusses the Countryside Council for Wales` "Threshold 21" and the Countryside Commission`s "Paying for a beautiful countryside" reports outlining their long term strategy for maintenance and management of the countryside. | ||
| 650 | _aCOUNTRYSIDE MANAGEMENT | ||
| 650 | _aPLANNING POLICY | ||
| 650 | _aRURAL AREAS | ||
| 650 | _aRURAL ECONOMY | ||
| 690 | _aCONSERVATION | ||
| 690 | _aPLANNING LAW AND PRACTICE | ||
| 942 | _n0 | ||
| 948 | _c04/03/1997 | ||
| 999 |
_c41875 _d41875 |
||